000 00639nam a2200205Ii 4500
003 JO-AjNU
008 230605s9999||||xx |||||||||||||| ||und||
017 _a2007/3/756
040 _aJO-AjNU
_bara
_erda
_cJO-AjNU
041 _aara
050 1 4 _aPJ7866.D4.A98 2007
100 3 _aعدينات، تيسيرعطا الله,
_eauthor
_937724
245 0 0 _aأيام في موسكو
264 3 1 _aعمان: دار يافا ، 2007
300 _a170ص
336 _atext
_btxt
_2rdacontent
337 _aunmediated
_bn
_2rdamedia
338 _avolume
_bnc
_2rdacarrier
650 4 _aالأدب العربي - روايات - موسكو
_937725
999 _aA15788
_c19356
_d19356